New problems in astronometry (Record no. 4499)
[ view plain ]
| 000 -LEADER | |
|---|---|
| fixed length control field | 00869nam a2200229Ia 4500 |
| 003 - CONTROL NUMBER IDENTIFIER | |
| control field | IN-BaIIA |
| 008 - FIXED-LENGTH DATA ELEMENTS--GENERAL INFORMATION | |
| fixed length control field | 211028s9999 xx 000 0 eng d |
| 020 ## - INTERNATIONAL STANDARD BOOK NUMBER | |
| International Standard Book Number | 90-277-0444-9 |
| 040 ## - CATALOGING SOURCE | |
| Transcribing agency | IIA Library |
| 080 ## - UNIVERSAL DECIMAL CLASSIFICATION NUMBER | |
| Universal Decimal Classification number | 082.2:52 |
| Item number | IAU-S61 |
| 111 ## - MAIN ENTRY--MEETING NAME | |
| Meeting name or jurisdiction name as entry element | International Symposium on New Problems in Astronometry |
| Location of meeting | Perth, Australia |
| Date of meeting or treaty signing | 1973 Aug. 17 |
| 9 (RLIN) | 7874 |
| 245 #0 - TITLE STATEMENT | |
| Title | New problems in astronometry |
| Remainder of title | proceedings of the international symposium, no. 61 held in Perth, Australia, August 17, 1973 |
| Statement of responsibility, etc. | edited by Wilhelm Gliese, C. A. Murray and R. H. Tucker |
| 260 ## - PUBLICATION, DISTRIBUTION, ETC. | |
| Place of publication, distribution, etc. | Dordrecht |
| Name of publisher, distributor, etc. | D. Reidel Publishing |
| Date of publication, distribution, etc. | 1974 |
| 300 ## - PHYSICAL DESCRIPTION | |
| Extent | xii, 333p. |
| 490 ## - SERIES STATEMENT | |
| Series statement | IAU Symposium; no. 61 |
| 650 ## - SUBJECT ADDED ENTRY--TOPICAL TERM | |
| Topical term or geographic name entry element | Astrometry |
| 650 ## - SUBJECT ADDED ENTRY--TOPICAL TERM | |
| Topical term or geographic name entry element | Astronomy and Astrophysics Thesaurus |
| 700 ## - ADDED ENTRY--PERSONAL NAME | |
| Personal name | Gliese, Wilhelm., ed. |
| 9 (RLIN) | 7875 |
| 700 ## - ADDED ENTRY--PERSONAL NAME | |
| Personal name | Murray, C. A., ed. |
| 9 (RLIN) | 7876 |
| 700 ## - ADDED ENTRY--PERSONAL NAME | |
| Personal name | Tucker, R. H., ed. |
| 9 (RLIN) | 7877 |
| 942 ## - ADDED ENTRY ELEMENTS (KOHA) | |
| Koha item type | Books |
| Withdrawn status | Lost status | Damaged status | Not for loan | Home library | Current library | Shelving location | Date acquired | Total Checkouts | Full call number | Barcode | Date last seen | Price effective from | Koha item type |
|---|---|---|---|---|---|---|---|---|---|---|---|---|---|
| IIA Library-Bangalore | IIA Library-Bangalore | General Stacks | 18/09/1974 | 082.2:52/ IAU-S61 | 5024 | 05/11/2021 | 18/09/1974 | Books |